00245nam a2200097Ia 4500008004100000100001500041245001900056260005000075300000900125650001300134190216s9999||||xx |||||||||||||| ||und|| aTaxali R K 0aDbase Iii Plus bTata Mcgraw Hill Publishing Company Ltdc1995 a470p aComputer